La segunda guerra mundial / (Registro nro. 13132)

Detalles MARC
000 -LIDER
fixed length control field 00858nam a22002657a 4500
003 - IDENTIFICACDOR DE NÚMERO DE CONTROL
control field DO-SdBNP
005 - DATE AND TIME OF LATEST TRANSACTION
control field 20220516103951.0
008 - ELEMENTOS DE LONGITUD FIJA
fixed length control field 161031b2015 ch abc 00| 0 spa d
020 ## - ISBN
International Standard Book Number 9789962042150
040 ## - FUENTE DE CATALOGACIÓN
Agencia que crea de manera original el registro BPMSU
Idioma de catalogación spa
Agencia que realiza la transcripción BPMSU
082 ## - NÚMERO DE CLASIFICACIÓN DECIMAL DE DEWEY
Classification number 940.53
Item number F954s 2015
Edition number 22
100 1# - ASIENTO PRINCIPAL -- NOMBRE PERSONAL
Nombre personal Fuerte Feliu, Josep María
245 13 - MENCIÓN DE TITULO
Título La segunda guerra mundial /
Mención de responsabilidad textos Josep María Fuertes Feliu ; fotos Anselmo J. García Curado.
246 14 - VARIACION DEL TÍTULO
Título propiamente dicho o título corto Segunda guerra mundial
260 ## - PUBLICACIÓN, DISTRIBUCIÓN, ETC. (PIE DE IMPRENTA)
Lugar de publicación, distribución, etc [China] :
Nombre del editor, distribuidor, etc. Lexus Editores,
Fecha de publicación, distribución, etc 2015.
300 ## - DESCRIPCIÓN FÍSICA
Extensión 231 p. :
Otros detalles físicos il., mapa, retr.
Dimensiones 26 cm.
504 0# - NOTA DE BIBLIOGRAFÍA, ETC.
Bibliography, etc Biografía p: 228-231
590 ## - NOTA LOCAL
Enlace Inventariado, 2022/VM
650 #4 - ENCABEZAMIENTO DE MATERIA--TEMÁTICO
Término temático o nombre geográfico como elemento de entrada Guerra Mundial II, 1939-1945.
Fuente del encabezamiento o término
700 1# - ASIENTO SECUNDARIO -- NOMBRE PERSONAL
Nombre personal García Curado, Anselmo J.
Mención de responsabilidad fotos
710 2# - ASIENTO SECUNDARIO -- NOMBRE CORPORATIVO
Nombre corporativo o de jurisdicción Lexus Editores
710 2# - ASIENTO SECUNDARIO -- NOMBRE CORPORATIVO
Nombre corporativo o de jurisdicción Museo Militar de París
910 ## - VALIDACIÓN
Validación VMateo V.
942 ## - ADDED ENTRY ELEMENTS (KOHA)
Source of classification or shelving scheme Dewey Decimal Classification
Koha item type Libros
Existencias
Withdrawn status Lost status Source of classification or shelving scheme Damaged status Not for loan Collection code Home library Current library Date acquired Source of acquisition Cost, normal purchase price Full call number Barcode Date last seen Price effective from Koha item type
    Dewey Decimal Classification     Colección General Biblioteca Pública Metropolitana Salomé Ureña Biblioteca Pública Metropolitana Salomé Ureña 11/27/2017 Compra D´ la Rosa internacional 3000.00 BPMSU CG 940.53 F954s 2015 BPMSU17110460 11/27/2017 11/27/2017 Libros